Prefix Click Quiz: M - Statistics

General Stats
  • This quiz has been taken 183 times
  • The average score is 12 of 15
Answer Stats
Hint Answer % Correct
Many Multi-
98%
Small Micr-
95%
Machine Mechan-
94%
Middle Midi-
93%
Mother Mater-
92%
Story Myth-
91%
Shape Morph-
88%
Death Mort-
88%
Sea Mar-
83%
Only Mon-
76%
Black Melan-
75%
Mind Ment-
73%
Ant Myrmec-
65%
Memory Mne-
62%
Mouse My-
42%
No matching quizzes found
Score Distribution
Percent of People with Each Score
Percentile by Number Answered
Your Score History
You have not taken this quiz